000
00214nam a2200097Ia 4500
999
_c
13148
_d
13148
100
_a
M Morris Mano
245
0
_a
Digital Logic and Computer Design
260
_a
Canada
_b
Pearson
_c
2003
300
_a
456
942
_c
BK